El amante bilingüe / (Record no. 174959)

MARC details
000 -LEADER
campo de control de longitud fija 00672nam a2200217 4500
001 - NÚMERO DE CONTROL
campo de control 174959
003 - IDENTIFICADOR DE NÚMERO DE CONTROL
campo de control ES-MaACL
005 - FECHA Y HORA DE LA ÚLTIMA TRANSACCIÓN
campo de control 20240229063325.0
008 - DATOS DE LONGITUD FIJA--INFORMACIÓN GENERAL
campo de control de longitud fija 100820s1993 sp |||| | spa d
020 ## - NÚMERO INTERNACIONAL ESTÁNDAR DEL LIBRO
Número Internacional Estándar del Libro 84-473-0149-4
080 ## - NÚMERO DE LA CLASIFICACIÓN DECIMAL UNIVERSAL
Número de la Clasificación Decimal Universal 821.134.2-31"19"
100 1# - ENTRADA PRINCIPAL--NOMBRE DE PERSONA
Nombre de persona Marsé, Juan,
Fechas asociadas al nombre 1933-2020
9 (RLIN) 77117
245 13 - MENCIÓN DEL TÍTULO
Título El amante bilingüe /
Mención de responsabilidad, etc. Juan Marsé.
260 ## - PUBLICACIÓN, DISTRIBUCIÓN, ETC.
Lugar de publicación, distribución, etc. Barcelona :
Nombre del editor, distribuidor, etc. RBA,
Fecha de publicación, distribución, etc. [1993]
300 ## - DESCRIPCIÓN FÍSICA
Extensión 220 p. ;
Dimensiones 22 cm.
490 1# - MENCIÓN DE SERIE
Mención de serie Narrativa actual. Autores de lengua española ;
Designación de volumen o secuencia 15
500 ## - NOTA GENERAL
Nota general Índice.
830 0# - PUNTO DE ACCESO ADICIONAL DE SERIE-TÍTULO UNIFORME
Título uniforme Narrativa actual. Autores de lengua española ;
Designación de volumen o secuencia 15
9 (RLIN) 189466
852 ## - LOCALIZACIÓN
Ubicación ES-MaACL
Número de control de estantería E-13191
Holdings
Estatus retirado Estado de pérdida Estado de daño No para préstamo Biblioteca de origen Biblioteca actual Ubicación en estantería Fecha de adquisición Fuente de adquisición Total de préstamos Signatura topográfica completa Código de barras Visto por última vez Precio de reemplazo Tipo de ítem Koha
        Biblioteca del Ateneo de Madrid Biblioteca del Ateneo de Madrid Depósito 2 20/08/2010     E-13191 1183700 23/02/2023 23/02/2023 Libro impreso